[Event "AUT-chT 9697"]
[Site "Vorarlberg"]
[Date "1996.??.??"]
[Round "?"]
[White "Obermair, Walter"]
[Black "Senoner, Paul"]
[Result "1-0"]
[WhiteElo "1850"]
[BlackElo "1790"]
[PlyCount "97"]
[EventDate "1996.??.??"]
[EventType "team"]
[EventRounds "9"]
[EventCountry "AUT"]
[SourceTitle "EXT 1999"]
[Source "ChessBase"]
[SourceDate "1998.11.16"]
[SourceVersion "1"]
[SourceVersionDate "1998.11.16"]
[SourceQuality "1"]

1. Nf3 Nf6 2. d4 d5 3. c4 c6 4. Nc3 e6 5. e3 Nbd7 6. Bd3 Bd6 7. 0-0 0-0 8. Re1 b6 9. e4 dxe4 10. Nxe4 Qe7 11. Nxd6 Qxd6 12. g3 Bb7 13. Bf4 Qe7 14. Qe2 Rfe8 15. Rad1 Nf8 16. Ne5 Red8 17. Ng4 Ne8 18. Be4 f5 19. Bxf5 Bc8 20. d5 h5 21. Ne5 exf5 22. Nxc6 Qxe2 23. Rxe2 Ba6 24. Nxd8 Rxd8 25. b3 Nf6 26. Re7 Rd7 27. Rde1 Ng6 28. Rxd7 Nxd7 29. Re8+ Kf7 30. Ra8 Nxf4 31. Rxa7 Ne2+ 32. Kf1 Bc8 33. Kxe2 Ke7 34. f4 Kd6 35. Kd3 Nc5+ 36. Kd4 Bd7 37. Ra8 Ne4 38. Rg8 Nd2 39. Rxg7 Nf3+ 40. Kc3 Nxh2 41. b4 Nf3 42. c5+ bxc5 43. bxc5+ Kxd5 44. Rxd7+ Kxc5 45. Rh7 Ng1 46. Kd3 Kd5 47. Rxh5 Ke6 48. Ke3 Kf6 49. Rh1 1-0

[Event "AUT-chT 9596"]
[Site "Vorarlberg"]
[Date "1995.??.??"]
[Round "3"]
[White "Senoner, Paul"]
[Black "Mittermeier, Peter"]
[Result "0-1"]
[WhiteElo "1820"]
[BlackElo "2040"]
[PlyCount "124"]
[EventDate "1995.??.??"]
[EventType "team"]
[EventRounds "9"]
[EventCountry "AUT"]
[SourceTitle "EXT 1999"]
[Source "ChessBase"]
[SourceDate "1998.11.16"]
[SourceVersion "1"]
[SourceVersionDate "1998.11.16"]
[SourceQuality "1"]

1. d4 d5 2. c4 e5 3. dxe5 d4 4. Nf3 Nc6 5. e3 Bb4+ 6. Bd2 dxe3 7. fxe3 Bg4 8. a3 Bxd2+ 9. Nbxd2 Nxe5 10. Qa4+ Qd7 11. Qxd7+ Nxd7 12. Be2 0-0-0 13. Ng5 Bxe2 14. Kxe2 Nh6 15. Rhf1 Ne5 16. h3 f6 17. Ne6 Rd7 18. Rac1 Re8 19. Nc5 Rde7 20. Rc3 b6 21. Ncb3 c5 22. Nc1 Nc6 23. Ndb3 Nd4+ 24. Kd2 Ndf5 25. Rf3 Nd6 26. Kc2 Nhf5 27. Rd3 Kc7 28. Kc3 Nxe3 29. Ne2 Nxg2 30. Ng3 Ne1 31. Nd2 Nxf3 32. Nxf3 Ne4+ 33. Nxe4 Rxe4 34. b4 Re3 35. bxc5 bxc5 36. Nd2 Kc6 37. a4 Rxd3+ 38. Kxd3 Rd8+ 39. Kc3 Rd4 40. Nf3 Rf4 41. Ng1 Rf1 42. Ne2 Rf3+ 43. Kd2 Rxh3 44. Nf4 Rh4 45. Ne6 g5 46. Nd8+ Kb6 47. Kc3 Rh3+ 48. Kb2 h5 49. Nf7 h4 50. Nd6 Rf3 51. Nc8+ Ka5 52. Nd6 Kxa4 53. Nb5 Rb3+ 54. Kc2 h3 55. Nd6 h2 56. Ne4 h1Q 57. Nxc5+ Kb4 58. Nxb3 Qg2+ 59. Nd2 a5 60. c5 a4 61. c6 Qxc6+ 62. Kb1 a3 0-1